Approximation of stepwise objective function in optimal cargo train routing problem

Gespeichert in:
Bibliographische Detailangaben
1. Verfasser: Bednár, Peter
Format: Buchkapitel
Sprache:Englisch
Schlagworte:
Tags: Tag hinzufügen
Keine Tags, Fügen Sie das erste Tag hinzu!

MARC

LEADER 00000naa$a2200000$$$4500
001 0021919
005 20221128113302.6
041 0 |a eng 
044 |a SK 
245 1 0 |a Approximation of stepwise objective function in optimal cargo train routing problem  |c Peter Bednár 
610 2 0 |a doprava železničná nákladná 
610 2 0 |a modely matematické 
610 2 0 |a náklady 
610 2 0 |a vagóny 
610 2 0 |a experimenty 
610 2 0 |a Slovensko 
100 1 |a Bednár, Peter